000 01140nam a22002057a 4500
999 _c25901
_d25901
003 BDDh-ASL
005 20231015030555.0
008 210920s2020 bg ||||| |||| 00| 0 b d
040 _aBDDh-ASL
_cBDDh-ASL
082 _a923.5492
_bMAB
100 1 _94471
_aমাহমুদ, আনু
_cড.
245 1 0 _aবঙ্গবন্ধু হত্যাকাণ্ড মার্কিন দলিল থেকে /
246 _aBangabandhu Hattakando Markin Dalil Thekey edited by Dr. Anu Mahmud
260 _aঢাকা:
_bন্যাশনাল পাবলিকেশন,
_c২০২০.
300 _a512 p. :
_c22 cm.
504 _aIncludes Bibliographical References and Index.
600 1 0 _aRahman, Sheikh Mujibur ( শেখ মুজিবুর রহমান)
_cBangabandhu (বঙ্গবন্ধু)
_d1920-1975 (১৯২০-১৯৭৫)
_93054
650 0 _94442
_aবঙ্গবন্ধু (Bangabandhu) শেখ মুজিবুর রহমান (Sheikh Mujibur Rahman)
_xমুক্তিযুদ্ধ (Muktijuddha) Liberation War
_zবাংলাদেশ (Bangladesh)
942 _2ddc
_cBK